书目信息 |
| 题名: |
黄山图画资料
|
|
| 作者: | ;歙县文化馆 编绘 | |
| 分册: | ||
| 出版信息: | 上海 上海人民美术出版社 1982 |
|
| 页数: | 94幅 | |
| 开本: | 19cm | |
| 丛书名: | ||
| 单 册: | ||
| 中图分类: | J221.5 | |
| 科图分类: | ||
| 主题词: | 素描--中国--现代--画册 | |
| 电子资源: | ||
| ISBN: | ||
| 000 | 00633nam0 2200229 45 | |
| 001 | 0182008086 | |
| 005 | 20061116164501.23 | |
| 010 | @dCNY0.26 | |
| 091 | @aCN@b8081.12850 | |
| 100 | @a19950605d1982 em y0chiy0121 ea | |
| 101 | 0 | @achi |
| 102 | @aCN@b310000 | |
| 105 | @aa i 000yy | |
| 200 | 10 | @a黄山图画资料@Ahuang shan tu hua zi liao@f歙县文化馆编绘 |
| 210 | @a上海@c上海人民美术出版社@d1982 | |
| 215 | @a94幅@d19cm | |
| 606 | @a素描@y中国@z现代@x画册 | |
| 690 | @aJ221.5@v3 | |
| 711 | 02 | @a歙县文化馆@Axi xian wen hua guan@4编绘 |
| 801 | 0 | @aCN@bTSSF@c20061116 |
| 801 | 2 | @aCN@bNLC@c20060801 |
| 905 | @a10447@dJ221.5@e31 | |
| 黄山图画资料/歙县文化馆编绘.-上海:上海人民美术出版社,1982 |
| 94幅;19cm |
| ISBN :CNY0.26 |
| ● |
| 相关链接 |
|
|
|
|
正题名:黄山图画资料
索取号:J221.5/31
 
预约/预借
| 序号 | 登录号 | 条形码 | 馆藏地/架位号 | 状态 | 备注 |
| 1 | 0218699 | 000796428 | 第一样本阅览室/ [索取号:J221.5/31] | 在馆 |